[Event "Montigny le Bretonneux Noel op 06th"]
[Site "Montigny le Bretonneux"]
[Date "2003.12.27"]
[Round "2"]
[White "Birebent, Guy"]
[Black "Grandjean, Anthony"]
[Result "1-0"]
[WhiteElo "1790"]
[BlackElo "1560"]
[PlyCount "164"]
[EventDate "2003.12.26"]
[EventType "swiss"]
[EventRounds "6"]
[EventCountry "FRA"]
[SourceTitle "CBM 097 Extra"]
[Source "ChessBase"]
[SourceDate "2004.01.13"]
[SourceVersion "1"]
[SourceVersionDate "2004.01.13"]
[SourceQuality "1"]

1. Nf3 Nc6 2. d4 d5 3. g3 Nf6 4. Nbd2 g6 5. Bg2 Bg7 6. Rb1 e6 7. 0-0 0-0 8. b4 b5 9. c3 Ne7 10. Ne5 Nd7 11. Nxd7 Bxd7 12. Nb3 Nc6 13. Nc5 Qc8 14. e4 dxe4 15. Bxe4 Rb8 16. f4 Ne7 17. Qf3 f5 18. Bb7 Rxb7 19. Qxb7 Qxb7 20. Nxb7 Nd5 21. Bd2 Nb6 22. Nc5 Bc6 23. Nxe6 Re8 24. Rbe1 Nc4 25. Bc1 Re7 26. Nxg7 Be4 27. Nxf5 gxf5 28. h3 h5 29. Kf2 Rh7 30. Re2 c6 31. Rfe1 Nd6 32. a3 Kf8 33. Re3 Nc4 34. Rxe4 fxe4 35. Rxe4 Kf7 36. Re2 Kf6 37. Kf3 Kf5 38. g4+ hxg4+ 39. hxg4+ Kf6 40. Kg2 Rh4 41. g5+ Kf5 42. Re1 Nd6 43. Re5+ Kg4 44. Re6 Rh3 45. Rxd6 Rxc3 46. Kf2 Rxc1 47. Ke3 Re1+ 48. Kd2 Ra1 49. Rxc6 Kxf4 50. g6 Rg1 51. Ra6 Ke4 52. Rxa7 Kxd4 53. Rd7+ Kc4 54. g7 Kb3 55. Ra7 Kc4 56. Ke3 Kd5 57. Kf4 Ke6 58. Rb7 Kf6 59. Ke4 Ke6 60. Kd4 Rg5 61. Rxb5 Rxg7 62. a4 Ra7 63. Rb6+ Kd7 64. a5 Kc7 65. Rh6 Ra8 66. Kc5 Kb7 67. Kb5 Rc8 68. Rh7+ Ka8 69. Ka4 Rb8 70. b5 Rc8 71. b6 Re8 72. Kb5 Re5+ 73. Ka6 Re8 74. Rh5 Kb8 75. Kb5 Kb7 76. a6+ Ka8 77. Rh6 Re5+ 78. Kc6 Re8 79. Rd6 Kb8 80. a7+ Ka8 81. Kd7 Rb8 82. Re6 Rh8 1-0

[Event "Yvelines-ch"]
[Site "Fontenay le Fleury"]
[Date "2003.02.15"]
[Round "6.27"]
[White "Grandjean, Anthony"]
[Black "Francois, Jean Claude"]
[Result "0-1"]
[WhiteElo "1460"]
[BlackElo "1740"]
[PlyCount "62"]
[EventDate "2003.02.17"]
[EventType "swiss"]
[EventRounds "7"]
[EventCountry "FRA"]
[SourceTitle "EXT 2004"]
[Source "ChessBase"]
[SourceDate "2003.11.25"]
[SourceVersion "1"]
[SourceVersionDate "2003.11.25"]
[SourceQuality "1"]

1. e4 e5 2. Nf3 Nc6 3. Bc4 d6 4. h3 h6 5. Nc3 Nf6 6. d4 exd4 7. Nxd4 Nxd4 8. Qxd4 Be7 9. Be3 Be6 10. Nd5 Nxd5 11. Bxd5 Bf6 12. Qa4+ Bd7 13. Qb3 0-0 14. Bxb7 Rb8 15. Bxa7 Be6 16. Qb5 Bd7 17. Qa6 Bxb2 18. Rb1 Bc3+ 19. Ke2 Qg5 20. Qd3 Rxb7 21. Rxb7 Qxg2 22. Rhb1 Ba5 23. Qf3 Qg6 24. Rb8 Bc6 25. Rxf8+ Kxf8 26. Ke3 Qg5+ 27. Kd4 Qd2+ 28. Qd3 Qxf2+ 29. Qe3 Qxc2 30. Rb8+ Ke7 31. Qb3 Qxe4# 0-1

[Event "Saint Quentin op 5th"]
[Site "Saint Quentin"]
[Date "2002.04.??"]
[Round "2"]
[White "Grandjean, Anthony"]
[Black "Perrichon, Daniel"]
[Result "0-1"]
[WhiteElo "1499"]
[BlackElo "2010"]
[PlyCount "72"]
[EventDate "2002.04.21"]
[EventType "swiss"]
[EventRounds "9"]
[EventCountry "FRA"]
[SourceTitle "CBM 088 Extra"]
[Source "ChessBase"]
[SourceDate "2002.07.01"]
[SourceVersion "2"]
[SourceVersionDate "2002.07.01"]
[SourceQuality "1"]

1. e4 c6 2. d4 d5 3. Nc3 dxe4 4. Nxe4 Nd7 5. Nf3 Ngf6 6. Nxf6+ Nxf6 7. Bg5 Bg4 8. Qd3 Bxf3 9. gxf3 Qa5+ 10. Bd2 Qh5 11. 0-0-0 e6 12. Be2 Bd6 13. f4 Qf5 14. Qxf5 exf5 15. f3 Nh5 16. Bd3 g6 17. Rde1+ Kd7 18. Bc4 Rhf8 19. d5 c5 20. Bb5+ Kd8 21. Kd1 a6 22. Ba5+ Bc7 23. Bxc7+ Kxc7 24. Bd3 Rfe8 25. c4 Nxf4 26. Kd2 Ng2 27. Rxe8 Rxe8 28. h4 f4 29. Rh2 Ne3 30. Re2 Re5 31. Be4 Nxc4+ 32. Kc3 Nd6 33. b3 Nf5 34. Rh2 Nd6 35. Kd3 f5 36. Bxf5 Re3+ 0-1

[Event "Saint Quentin op 5th"]
[Site "Saint Quentin"]
[Date "2002.??.??"]
[Round "3"]
[White "Ducloux, Johan"]
[Black "Grandjean, Anthony"]
[Result "0-1"]
[WhiteElo "1230"]
[BlackElo "1499"]
[PlyCount "54"]
[EventDate "2002.04.21"]
[EventType "swiss"]
[EventRounds "9"]
[EventCountry "FRA"]
[SourceTitle "CBM 088 Extra"]
[Source "ChessBase"]
[SourceDate "2002.07.01"]
[SourceVersion "2"]
[SourceVersionDate "2002.07.01"]
[SourceQuality "1"]

1. e4 e5 2. Nf3 Nc6 3. Nc3 Nf6 4. Bb5 d6 5. d4 Bg4 6. d5 a6 7. Bxc6+ bxc6 8. dxc6 Rb8 9. h3 Bh5 10. g4 Bg6 11. Bg5 Be7 12. Qd3 Rxb2 13. Rg1 Rb6 14. 0-0-0 Rxc6 15. h4 h6 16. Bxf6 Bxf6 17. g5 hxg5 18. hxg5 Be7 19. Nd5 Rc5 20. Qxa6 Bxe4 21. Qa4+ c6 22. Nxe5 Rxc2+ 23. Kb1 Qb8+ 24. Nb4 dxe5 25. Ka1 Bxb4 26. Rg3 Bc3+ 27. Rxc3 Qb2# 0-1

[Event "Saint Quentin op 5th"]
[Site "Saint Quentin"]
[Date "2002.??.??"]
[Round "9"]
[White "Evtouchenko Boulongne, Nina"]
[Black "Grandjean, Anthony"]
[Result "1-0"]
[WhiteElo "1700"]
[BlackElo "1499"]
[PlyCount "61"]
[EventDate "2002.04.21"]
[EventType "swiss"]
[EventRounds "9"]
[EventCountry "FRA"]
[SourceTitle "CBM 088 Extra"]
[Source "ChessBase"]
[SourceDate "2002.07.01"]
[SourceVersion "2"]
[SourceVersionDate "2002.07.01"]
[SourceQuality "1"]

1. c4 e5 2. Nc3 Nc6 3. g3 Nf6 4. Bg2 Bc5 5. d3 h6 6. e3 d6 7. Nge2 Bg4 8. 0-0 Bxe2 9. Nxe2 Qd7 10. a3 0-0 11. b4 Bb6 12. Bb2 a6 13. d4 e4 14. Qc2 d5 15. cxd5 Qxd5 16. Nf4 Qf5 17. f3 Rfe8 18. fxe4 Nxe4 19. Rad1 Rad8 20. Qb3 Ne7 21. Bh3 Qh7 22. Nd3 Nd6 23. Nc5 Kh8 24. Bg2 Bxc5 25. dxc5 Ndf5 26. e4 Rxd1 27. Rxd1 Nxg3 28. Qxg3 f5 29. Rd7 Ng6 30. Rxg7 Nf4 31. Re7+ 1-0

[Event "Saint Quentin op 5th"]
[Site "Saint Quentin"]
[Date "2002.??.??"]
[Round "4"]
[White "Grandjean, Anthony"]
[Black "Brunel, Eric"]
[Result "0-1"]
[WhiteElo "1499"]
[BlackElo "1790"]
[PlyCount "44"]
[EventDate "2002.04.21"]
[EventType "swiss"]
[EventRounds "9"]
[EventCountry "FRA"]
[SourceTitle "CBM 088 Extra"]
[Source "ChessBase"]
[SourceDate "2002.07.01"]
[SourceVersion "2"]
[SourceVersionDate "2002.07.01"]
[SourceQuality "1"]

1. e4 g6 2. d4 Bg7 3. Nf3 d6 4. Bc4 Nf6 5. Nbd2 0-0 6. b3 Nbd7 7. Bb2 Nb6 8. e5 Nh5 9. 0-0 Nxc4 10. Nxc4 b5 11. Ncd2 Nf4 12. Re1 Bb7 13. Ne4 Qd7 14. exd6 exd6 15. Qd2 Nxg2 16. Kxg2 Qg4+ 17. Kf1 Qxf3 18. Qe3 Qh1+ 19. Ke2 Qxe4 20. Qxe4 Bxe4 21. Kd2 Rae8 22. Kc3 c5 0-1